School mastering / (Record no. 186006)
[ view plain ]
| 000 -LEADER | |
|---|---|
| fixed length control field | 00855 a2200169 4500 |
| 003 - CONTROL NUMBER IDENTIFIER | |
| control field | Nust |
| 005 - DATE AND TIME OF LATEST TRANSACTION | |
| control field | 20230123103155.0 |
| 040 ## - CATALOGING SOURCE | |
| Transcribing agency | Nust |
| 082 ## - DEWEY DECIMAL CLASSIFICATION NUMBER | |
| Classification number | 371.2,DRU |
| 100 ## - MAIN ENTRY--PERSONAL NAME | |
| Personal name | Drury, S. Samuel |
| 9 (RLIN) | 107372 |
| 245 ## - TITLE STATEMENT | |
| Title | School mastering / |
| Statement of responsibility, etc. | Samuel S. Drury |
| 260 ## - PUBLICATION, DISTRIBUTION, ETC. | |
| Place of publication, distribution, etc. | N Y |
| Name of publisher, distributor, etc. | Macmillan Co |
| 300 ## - PHYSICAL DESCRIPTION | |
| Extent | 254:p |
| 505 ## - FORMATTED CONTENTS NOTE | |
| Formatted contents note | The top story (Page-1), A happy Faculty (Page-12), Trustees (Page-30), Headmasters (Page-46), Alumni and the alumni (Page-64), The Selection of Masters (Page-78), Master Meetings (Page-95), Achilles Meeting (Page-106), The Power Plant (Page-122), A Crowing Professional (Page-144), The Wild Olive Bouch (Page-164), Donors (Page-178), September Musings (Page-192), School Snobby (Page-201) Contacts (Page-216), Elon and Abdon (Page-229), How Will This (Page-240). |
| 650 ## - SUBJECT ADDED ENTRY--TOPICAL TERM | |
| Topical term or geographic name entry element | School Management |
| 9 (RLIN) | 58010 |
| 942 ## - ADDED ENTRY ELEMENTS (KOHA) | |
| Source of classification or shelving scheme | |
| Koha item type | Book |
| Call number prefix | 371.2,DRU |
| Withdrawn status | Lost status | Source of classification or shelving scheme | Damaged status | Not for loan | Permanent Location | Current Location | Shelving location | Date acquired | Full call number | Barcode | Date last seen | Price effective from | Koha item type | Public note |
|---|---|---|---|---|---|---|---|---|---|---|---|---|---|---|
| Military College of Signals (MCS) | Military College of Signals (MCS) | General Stacks | 12/12/2016 | 371.2,DRU | MCS30068 | 12/08/2016 | 12/12/2016 | Book | Almirah No.54, Shelf No.2 |
